<?xml version="1.0" encoding="UTF-8"?>
<collection xmlns="http://www.loc.gov/MARC21/slim">
 <record>
  <leader>01300nam a2200205Ia 4500</leader>
  <controlfield tag="001">CTU_166637</controlfield>
  <controlfield tag="008">210402s9999    xx            000 0 und d</controlfield>
  <datafield tag="020" ind1=" " ind2=" ">
   <subfield code="c">116.00</subfield>
  </datafield>
  <datafield tag="082" ind1=" " ind2=" ">
   <subfield code="a">297</subfield>
  </datafield>
  <datafield tag="082" ind1=" " ind2=" ">
   <subfield code="b">P743</subfield>
  </datafield>
  <datafield tag="245" ind1=" " ind2="0">
   <subfield code="a">Poetry and mysticism in Islam :</subfield>
  </datafield>
  <datafield tag="245" ind1=" " ind2="4">
   <subfield code="b">The heritage of Rumi</subfield>
  </datafield>
  <datafield tag="245" ind1=" " ind2="0">
   <subfield code="c">Edited by Amin Banani, Richard Hovannisian, and Georges Sabagh</subfield>
  </datafield>
  <datafield tag="260" ind1=" " ind2=" ">
   <subfield code="a">New York</subfield>
  </datafield>
  <datafield tag="260" ind1=" " ind2=" ">
   <subfield code="b">Cambridge University Press</subfield>
  </datafield>
  <datafield tag="260" ind1=" " ind2=" ">
   <subfield code="c">1994</subfield>
  </datafield>
  <datafield tag="520" ind1=" " ind2=" ">
   <subfield code="a">Maulana Jalal al-Din Rumi was one of the greatest poets and mystics of the Islamic world. He was born in Balkh (Korasan) in 1207 AD and died in Konya (Turkey) in 1273 AD. This book is an examination of his spiritual and literary heritage. As Annemarie Schimmel, the recipient of the Eleventh Giorgio Della Vida Award in Islamic Studies, has written, no other mystic and poet from the Islamic world is as well known in the West as Rumi, and she, more than any Western scholar, is his most celebrated and eloquent interpreter. The scholars whom Professor Schimmel has invited to share in her tribute have all added new dimensions to an understanding of Rumi and to his impact on the Islamic world.</subfield>
  </datafield>
  <datafield tag="650" ind1=" " ind2=" ">
   <subfield code="a">Persian poetry,Sufism,Thơ Ba Tư,Đạo Xufi</subfield>
  </datafield>
  <datafield tag="904" ind1=" " ind2=" ">
   <subfield code="i">Qhieu</subfield>
  </datafield>
  <datafield tag="980" ind1=" " ind2=" ">
   <subfield code="a">Trung tâm Học liệu Trường Đại học Cần Thơ</subfield>
  </datafield>
 </record>
</collection>
